Dušu firmy treba chrániť

Ochranné známky ako ochrana duše firmy. Prečo môže zanedbanie ochrannej známky firmu pripraviť o značnú časť tržieb. Ako ochrannú známku registrovať, koľko stojí a komu sa oplatí ju zapísať.

Enregistré dans:
Détails bibliographiques
Auteur principal: Budinská, Simona
Format: Chapitre de livre
Langue:slovaque
Sujets:
Tags: Ajouter un tag
Pas de tags, Soyez le premier à ajouter un tag!

MARC

LEADER 00000naa a2200000 4500
001 0273530
005 20210510092942.7
041 0 |a slo 
044 |a SK 
245 1 0 |a Dušu firmy treba chrániť  |c Simona Budinská 
520 |a Ochranné známky ako ochrana duše firmy. Prečo môže zanedbanie ochrannej známky firmu pripraviť o značnú časť tržieb. Ako ochrannú známku registrovať, koľko stojí a komu sa oplatí ju zapísať. 
610 2 0 |a známky ochranné 
610 2 0 |a firmy 
610 2 0 |a majetok nehmotný 
610 2 0 |a vlastníctvo duševné 
100 1 |a Budinská, Simona